00000000cam 2200000zi 4500
0019.952777
003CaOODSP
00520260605142317
006m     o  d f      
007cr cn|||||||||
008250627s2025    quca    o    f000 0 fre d
020 |z9780660763705 |q(incorrect)
040 |aCaOODSP|bfre|erda|cCaOODSP
0410 |aeng|afre
043 |an-cn---
0861 |aR122-83/2025-PDF|zR122-83/2025
24500|aWhat does a status card look like? : |bWhat you need to know as a service provider or retailer when accepting proof of registration under the Indian Act = Qu'est-ce qu'une carte de statut? : Ce que vous devez savoir en tant que fournisseur de services ou détaillant lorsque vous acceptez une preuve d'inscription en vertu de la Loi sur les Indiens.
24611|aQu'est-ce qu'une carte de statut? : |bCe que vous devez savoir en tant que fournisseur de services ou détaillant lorsque vous acceptez une preuve d'inscription en vertu de la Loi sur les Indiens
264 1|a[Gatineau, Québec] : |bIndigenous Services Canada = Services aux Autochtones Canada, |c[2025]
300 |a1 ressource en ligne (2 pages non numérotées) : |billustrations en couleur
336 |atexte|btxt|2rdacontent/fre
337 |ainformatique|bc|2rdamedia/fre
338 |aressource en ligne|bcr|2rdacarrier/fre
500 |aLe fichier de publication en format PDF a été remplacé le 5 juin 2026 à la requête du Services aux Autochtones Canada.
500 |aLe numéro de catalogue (R122-83/2025) et l'ISBN (9780660763705) imprimés dans cette publication sont incorrects.
546 |aTexte en anglais et en français.
650 6|aPremières Nations|xDroit.
650 6|aCartes d'identité|zCanada.
7101 |aCanada. |bServices aux Autochtones Canada, |eorganisme de publication.
788 |tWhat does a status card look like? : |eeng|w(CaOODSP)9.952770
85640|qPDF|s1.40 Mo|uhttps://publications.gc.ca/collections/collection_2025/sac-isc/R122-83-2025.pdf